[Event "DEM U10/U10w 2009"]
[Site "Willingen GER"]
[Date "2009.06.02"]
[Round "5"]
[White "Balzer, Alexander"]
[Black "Perske, Thore"]
[Result "0-1"]
[Termination "normal"]
[Board "25"]
[WhiteElo "1229"]
[BlackElo "1120"]
[PlyCount "100"]
[WhiteFideId "34609822"]
[BlackFideId "12902195"]
[EventCountry "GER"]
[EventRounds "11"]
[EventType "swiss"]
[EventDate "2009.05.30"]

1. e4 e6 2. d4 d5 3. Nc3 Bb4 4. Bd2 Bxc3 5. Bxc3 dxe4 6. g3 Nf6 7. Bg2 Nc6 8.
Ne2 O-O 9. Qd2 Re8 10. Qe3 e5 11. dxe5 Nxe5 12. Bxe4 Nxe4 13. Qxe4 Ng6 14. Qf3
Qe7 15. Rd1 b6 16. Rd2 Ba6 17. a4 Rad8 18. Rxd8 Rxd8 19. b4 Re8 20. b5 Bb7 21.
Qg4 Bxh1 22. h4 Ne5 23. Bxe5 Qxe5 24. f4 Qe4 25. Kd1 Bf3 26. Qd7 Qxe2+ 27. Kc1
Qd1+ 28. Qxd1 Bxd1 29. Kxd1 Re4 30. Kd2 Rxa4 31. Kd3 Ra3+ 32. Kd4 Rxg3 33. Kd5
Rc3 34. f5 Rxc2 35. Ke5 Rc5+ 36. Kf4 Rxb5 37. h5 g6 38. fxg6 fxg6 39. hxg6 hxg6
40. Ke4 Rc5 41. Kd4 a5 42. Kd3 a4 43. Kd2 a3 44. Kd1 a2 45. Kd2 a1=Q 46. Kd3
Qc3+ 47. Ke4 Re5+ 48. Kf4 Qe3+ 49. Kg4 Rg5+ 50. Kh4 Qg3# 0-1

[Event "DEM U10/U10w 2009"]
[Site "Willingen GER"]
[Date "2009.06.02"]
[Round "5"]
[White "Stukenborg, Rudi"]
[Black "Teichmann, Felix"]
[Result "0-1"]
[Termination "normal"]
[Board "26"]
[WhiteElo "1035"]
[BlackElo "1211"]
[PlyCount "58"]
[WhiteFideId "1270497"]
[BlackFideId "12927538"]
[EventCountry "GER"]
[EventRounds "11"]
[EventType "swiss"]
[EventDate "2009.05.30"]

1. e4 e5 2. Nf3 Nc6 3. Bc4 Nf6 4. d3 Bc5 5. c3 a6 6. Bb3 d6 7. Nbd2 Be6 8. O-O
O-O 9. h3 Qd7 10. Ng5 h6 11. Nxe6 fxe6 12. Nf3 d5 13. exd5 exd5 14. d4 exd4 15.
cxd4 Ba7 16. Bf4 Ne4 17. Bxc7 Rae8 18. Be5 Nxe5 19. Nxe5 Rxe5 20. dxe5 Bxf2+
21. Kh2 Bg3+ 22. Kg1 Rxf1+ 23. Qxf1 Bf2+ 24. Kh2 Qe6 25. Qe2 Qxe5+ 26. Kh1 Ng3+
27. Kh2 Nxe2+ 28. Kh1 Ng3+ 29. Kh2 Nf1+ 0-1

[Event "DEM U10/U10w 2009"]
[Site "Willingen GER"]
[Date "2009.06.02"]
[Round "5"]
[White "Schmidt, Tobias"]
[Black "Nguyen, Anh Van"]
[Result "0-1"]
[Termination "normal"]
[Board "27"]
[WhiteElo "1205"]
[BlackElo "1095"]
[PlyCount "164"]
[WhiteFideId "1271683"]
[BlackFideId "12908223"]
[EventCountry "GER"]
[EventRounds "11"]
[EventType "swiss"]
[EventDate "2009.05.30"]

1. e4 e5 2. Nf3 Nf6 3. Nxe5 d6 4. Nf3 Nxe4 5. d4 Bf5 6. Bd3 Qe7 7. O-O Nc6 8.
Re1 O-O-O 9. Ng5 d5 10. f3 h6 11. fxe4 hxg5 12. exf5 Qd6 13. g3 Be7 14. c3 Rh6
15. Re2 Rdh8 16. Qe1 Rh3 17. Be3 Qh6 18. Qd2 Bd6 19. Bxg5 Qh5 20. Bf4 Bxf4 21.
gxf4 Qf3 22. Rg2 Qxd3 23. Qxd3 Rxd3 24. Rxg7 Rd1+ 25. Kg2 Nd8 26. f6 Kd7 27.
Rg5 Ne6 28. Rxd5+ Ke8 29. Rf5 Rg8+ 30. Kf3 Rgg1 31. Rb5 b6 32. f5 Ng5+ 33. Kf4
Nh7 34. Re5+ Kf8 35. h3 Rxb1 36. Rxb1 Rxb1 37. Rb5 Nxf6 38. Ke5 Nd7+ 39. Kd5 a6
40. Rb3 Nb8 41. c4 Ke7 42. h4 Rh1 43. Re3+ Kf6 44. Re8 c6+ 45. Kd6 Rxh4 46.
Rxb8 Rxd4+ 47. Kxc6 Rxc4+ 48. Kd5 Rb4 49. b3 Kxf5 50. Re8 Rb5+ 51. Kd4 Ra5 52.
Re2 Kg4 53. a4 f5 54. Kd3 b5 55. Kc3 bxa4 56. Kb4 Rd5 57. Kxa4 f4 58. Rg2+ Kf3
59. Rc2 Ke3 60. Rc3+ Rd3 61. Rc8 Rd4+ 62. Ka5 f3 63. Rc3+ Ke2 64. Rc8 Rd3 65.
Kxa6 f2 66. Rc2+ Rd2 67. Rc1 Rd4 68. b4 Rxb4 69. Rc2+ Kf1 70. Rc1+ Kg2 71. Rc2
Rb1 72. Rxf2+ Kxf2 73. Ka5 Ke3 74. Ka6 Kd4 75. Ka5 Kc5 76. Ka4 Rb5 77. Ka3 Kc4
78. Ka4 Rc5 79. Ka3 Kc3 80. Ka2 Rb5 81. Ka1 Kc2 82. Ka2 Ra5# 0-1

[Event "DEM U10/U10w 2009"]
[Site "Willingen GER"]
[Date "2009.06.02"]
[Round "5"]
[White "Phenn, Jan-Niklas"]
[Black "Wächter, Nathalie"]
[Result "1-0"]
[Termination "normal"]
[Board "29"]
[WhiteElo "1172"]
[BlackElo "804"]
[PlyCount "55"]
[WhiteFideId "12954985"]
[BlackFideId "12921033"]
[EventCountry "GER"]
[EventRounds "11"]
[EventType "swiss"]
[EventDate "2009.05.30"]

1. d4 d5 2. c4 e6 3. Nc3 Nf6 4. Bg5 Be7 5. Nf3 Nbd7 6. e3 O-O 7. Bd3 Re8 8. O-O
c6 9. Re1 Qc7 10. e4 Ng4 11. Bxe7 Rxe7 12. e5 c5 13. cxd5 exd5 14. Nxd5 Qd8 15.
Nxe7+ Qxe7 16. Bc4 Rb8 17. h3 Nh6 18. Rc1 b5 19. Bd5 Bb7 20. Bxb7 Rxb7 21. dxc5
Nxc5 22. Qd5 Nd7 23. Qxb7 g6 24. Rc7 Qb4 25. Rc8+ Nf8 26. e6 Qxb2 27. e7 Nf5
28. exf8=Q# 1-0

[Event "DEM U10/U10w 2009"]
[Site "Willingen GER"]
[Date "2009.06.02"]
[Round "5"]
[White "Paulsen, Alexej"]
[Black "Kast, Larissa"]
[Result "1-0"]
[Termination "normal"]
[Board "30"]
[WhiteElo "1549"]
[BlackElo "1011"]
[PlyCount "117"]
[WhiteFideId "24662372"]
[BlackFideId "24699055"]
[EventCountry "GER"]
[EventRounds "11"]
[EventType "swiss"]
[EventDate "2009.05.30"]

1. e4 e5 2. Nf3 Nc6 3. Bb5 a6 4. Ba4 Nf6 5. d3 Be7 6. Bxc6 dxc6 7. Nxe5 O-O 8.
Be3 Re8 9. Nf3 Bg4 10. Nbd2 b5 11. h3 Bh5 12. O-O h6 13. Re1 Nh7 14. Nf1 Bg5
15. Ng3 Bxf3 16. Qxf3 Qf6 17. Qxf6 Nxf6 18. Nf5 Bxe3 19. Rxe3 Rad8 20. Rg3 Nh5
21. Rg4 Re6 22. Ng3 Nxg3 23. Rxg3 Rdd6 24. Rd1 c5 25. Re3 c4 26. d4 c5 27. d5
Rg6 28. f4 Kf8 29. f5 Rg5 30. Kf2 g6 31. h4 Rg4 32. e5 Rd7 33. fxg6 Rxg6 34.
Rg3 Rxg3 35. Kxg3 Ke7 36. Kf4 f6 37. e6 Rd8 38. Rd2 a5 39. Kf5 a4 40. d6+ Rxd6
41. Rxd6 Kxd6 42. Kxf6 Kc7 43. e7 Kd7 44. Kf7 h5 45. e8=Q+ Kd6 46. Qe6+ Kc7 47.
Ke7 b4 48. Qd6+ Kb7 49. Qxc5 b3 50. Qb5+ Kc7 51. Qxc4+ Kb6 52. axb3 axb3 53.
Qxb3+ Kc6 54. Qc4+ Kb6 55. Kd6 Kb7 56. Qc6+ Kb8 57. Qb5+ Ka7 58. Kc7 Ka8 59.
Qb8# 1-0

[Event "DEM U10/U10w 2009"]
[Site "Willingen GER"]
[Date "2009.06.02"]
[Round "5"]
[White "Schaefer, Matthes"]
[Black "Walker, Julia"]
[Result "1-0"]
[Termination "normal"]
[Board "31"]
[WhiteElo "1311"]
[BlackElo "1066"]
[PlyCount "115"]
[WhiteFideId "12946117"]
[BlackFideId "1271852"]
[EventCountry "GER"]
[EventRounds "11"]
[EventType "swiss"]
[EventDate "2009.05.30"]

1. e4 e5 2. Nf3 Nc6 3. d4 exd4 4. Bc4 Bc5 5. c3 Nf6 6. O-O d5 7. exd5 Nxd5 8.
cxd4 Bb6 9. Ng5 O-O 10. Qh5 Nf6 11. Bxf7+ Kh8 12. Qd1 Bxd4 13. Be6 Qe7 14. Re1
Bxe6 15. Nxe6 Rfe8 16. Kf1 Ng4 17. Qxg4 Bb6 18. Nc3 Qf7 19. Bf4 Re7 20. Bg3
Rae8 21. Ng5 Rxe1+ 22. Rxe1 Rxe1+ 23. Kxe1 Qe7+ 24. Qe4 Qxe4+ 25. Ngxe4 Kg8 26.
Ke2 Kf7 27. Nd5 Ke6 28. Nxb6 cxb6 29. Ng5+ Kd5 30. Nxh7 Kc4 31. Kd2 b5 32. Ng5
b4 33. Ne6 g6 34. Bf4 a5 35. Nf8 b3 36. a3 b5 37. Nxg6 a4 38. Ne5+ Nxe5 39.
Bxe5 b4 40. Bd6 bxa3 41. Bxa3 Kd4 42. Ke2 Ke4 43. f3+ Kf4 44. Kf2 Ke5 45. Ke3
Kd5 46. Kf4 Kd4 47. g4 Kd5 48. Kf5 Kd4 49. Kf6 Ke3 50. g5 Kxf3 51. g6 Kg2 52.
g7 Kxh2 53. g8=Q Kh1 54. Qg4 Kh2 55. Kf5 Kh1 56. Kf4 Kh2 57. Kf3 Kh1 58. Qg2#
1-0

[Event "DEM U10/U10w 2009"]
[Site "Willingen GER"]
[Date "2009.06.02"]
[Round "5"]
[White "Truong, Van Trang"]
[Black "Stobbe, Frederik"]
[Result "1-0"]
[Termination "normal"]
[Board "32"]
[WhiteElo "1059"]
[BlackElo "1185"]
[PlyCount "55"]
[EventCountry "GER"]
[EventRounds "11"]
[EventType "swiss"]
[EventDate "2009.05.30"]

1. e4 e5 2. Nf3 d6 3. h3 Be7 4. d4 Nd7 5. Bc4 c6 6. O-O h6 7. Nbd2 Ngf6 8. Re1
O-O 9. Nf1 b6 10. Ng3 Re8 11. c3 Nf8 12. dxe5 dxe5 13. Nxe5 Qxd1 14. Bxf7+ Kh7
15. Rxd1 Rd8 16. Be3 Ne6 17. Bg6+ Kg8 18. Nxc6 Rxd1+ 19. Rxd1 Bf8 20. e5 Nd7
21. Rd5 Nec5 22. Nf5 Bb7 23. Nfd4 Rc8 24. Nxa7 Bxd5 25. Nxc8 Nxe5 26. Nxb6 Bxa2
27. Bf5 Ned3 28. b4 1-0

[Event "DEM U10/U10w 2009"]
[Site "Willingen GER"]
[Date "2009.06.02"]
[Round "5"]
[White "Lehmann, Erik"]
[Black "Schirmer, Christoph"]
[Result "1/2-1/2"]
[Termination "normal"]
[Board "33"]
[WhiteElo "943"]
[BlackElo "1092"]
[PlyCount "36"]
[EventCountry "GER"]
[EventRounds "11"]
[EventType "swiss"]
[EventDate "2009.05.30"]

1. c4 e5 2. Nc3 d6 3. g3 Be7 4. Nd5 c6 5. Nxe7 Qxe7 6. Bg2 Nf6 7. d3 Qc7 8. Nf3
O-O 9. Bg5 Nbd7 10. O-O Rb8 11. Rc1 b5 12. b3 d5 13. Rb1 bxc4 14. bxc4 Rb6 15.
Rxb6 Qxb6 16. Qb1 Qa6 17. Qb2 Bb7 18. Rb1 Rb8 1/2-1/2

[Event "DEM U10/U10w 2009"]
[Site "Willingen GER"]
[Date "2009.06.02"]
[Round "5"]
[White "Richardt, Angelina"]
[Black "Reimers, Kim"]
[Result "1-0"]
[Termination "normal"]
[Board "35"]
[WhiteElo "1094"]
[BlackElo "901"]
[PlyCount "85"]
[WhiteFideId "12938149"]
[BlackFideId "12930377"]
[EventCountry "GER"]
[EventRounds "11"]
[EventType "swiss"]
[EventDate "2009.05.30"]

1. e4 c6 2. Nc3 d5 3. f4 dxe4 4. Nxe4 Bf5 5. Nf2 Nf6 6. Nf3 e6 7. Bc4 Bc5 8.
Nd3 Bb6 9. h3 h6 10. Nde5 Ne4 11. Nd3 Nd7 12. b3 Qc7 13. Bb2 f6 14. g4 Bh7 15.
Bxe6 Ndc5 16. Bc4 Nxd3+ 17. Bxd3 Nf2 18. Qe2+ Qe7 19. Rh2 Bxd3 20. cxd3 Nxd3+
21. Kf1 Nxb2 22. Rb1 Qxe2+ 23. Kxe2 Na4 24. bxa4 Kd7 25. a5 Rhe8+ 26. Kf1 Bxa5
27. Rxb7+ Kc8 28. Rxg7 Bc7 29. Re2 Rxe2 30. Kxe2 Bxf4 31. Rg6 Kd7 32. Rxf6 Re8+
33. Kd3 Bg5 34. Rf5 Rb8 35. Nxg5 hxg5 36. Rxg5 Rb2 37. a4 Ra2 38. h4 Rxa4 39.
h5 Rb4 40. h6 a5 41. h7 Rb8 42. Rh5 Rh8 43. g5 1-0

[Event "DEM U10/U10w 2009"]
[Site "Willingen GER"]
[Date "2009.06.02"]
[Round "5"]
[White "Wallat, Jessica"]
[Black "Schneider, Jana"]
[Result "0-1"]
[Termination "normal"]
[Board "36"]
[WhiteElo "1045"]
[BlackElo "886"]
[PlyCount "118"]
[WhiteFideId "12909637"]
[BlackFideId "12924997"]
[EventCountry "GER"]
[EventRounds "11"]
[EventType "swiss"]
[EventDate "2009.05.30"]

1. e4 e5 2. Nf3 Nc6 3. Bc4 Bb4 4. c3 Ba5 5. d3 d6 6. h3 Nge7 7. b4 Bb6 8. b5
Nb8 9. O-O O-O 10. Be3 Bxe3 11. fxe3 a6 12. Nbd2 axb5 13. Bxb5 Ra5 14. Ba4 Na6
15. Nc4 Rc5 16. Nfd2 b5 17. Nb3 bxa4 18. Nxc5 Nxc5 19. Rf3 Be6 20. Rg3 Ng6 21.
Qc2 Bxc4 22. dxc4 Qa8 23. Rg4 Rb8 24. Rf1 a3 25. Qf2 Rf8 26. Qf5 Qc8 27. Qxc8
Rxc8 28. h4 Ne7 29. h5 Kf8 30. Rf3 Rb8 31. Rfg3 Rb1+ 32. Kh2 g6 33. hxg6 Nxg6
34. Rh3 Rb2 35. Rxh7 Rxa2 36. Rh3 Rc2 37. Rf3 a2 38. Rf1 Rf2 39. Ra1 Na4 40.
Rg3 Nxc3 41. Rf3 Rc2 42. Rff1 Nxe4 43. Rfc1 Re2 44. Re1 Rc2 45. Rec1 Rb2 46.
Rd1 Nf2 47. Rf1 Ng4+ 48. Kh3 Nxe3 49. Rg1 Nc2 50. Raf1 Nf4+ 51. Kg4 Ke7 52. Kf3
Ke6 53. g3 Nd3 54. Ke4 Rb3 55. g4 Ra3 56. g5 a1=Q 57. Rxa1 Nxa1 58. g6 Nb2 59.
g7 f5# 0-1

[Event "DEM U10/U10w 2009"]
[Site "Willingen GER"]
[Date "2009.06.02"]
[Round "5"]
[White "Moses, Selina"]
[Black "Pohl, Jannik"]
[Result "1/2-1/2"]
[Termination "normal"]
[Board "37"]
[WhiteElo "1044"]
[BlackElo "883"]
[PlyCount "83"]
[WhiteFideId "12908070"]
[EventCountry "GER"]
[EventRounds "11"]
[EventType "swiss"]
[EventDate "2009.05.30"]

1. e4 e5 2. Nf3 Nc6 3. Bc4 Bc5 4. c3 Nf6 5. d3 O-O 6. Nbd2 d6 7. h3 Be6 8. Bb3
Bxb3 9. axb3 a6 10. O-O Re8 11. b4 Ba7 12. Re1 Qd7 13. Nf1 h6 14. Ng3 Rad8 15.
Nf5 Ne7 16. N3h4 Nxf5 17. Nxf5 c5 18. Qa4 Qxa4 19. Rxa4 cxb4 20. Rxb4 b6 21.
Ra4 a5 22. b4 d5 23. bxa5 dxe4 24. dxe4 Rd3 25. axb6 Bxb6 26. Rc4 Ba5 27. Ng3
Rxc3 28. Rxc3 Bxc3 29. Rd1 Bd4 30. Kf1 Rd8 31. Be3 Bb6 32. Rxd8+ Bxd8 33. f3
Kh7 34. Nf5 Kg6 35. Ke2 h5 36. Kd3 Nd7 37. Kc4 Kf6 38. Kd5 g6 39. Nh6 Kg7 40.
Kd6 Nb6 41. Bc1 f6 42. Ke6 1/2-1/2

[Event "DEM U10/U10w 2009"]
[Site "Willingen GER"]
[Date "2009.06.02"]
[Round "5"]
[White "Kim, Yu-Mi"]
[Black "Simon, Tessa"]
[Result "1-0"]
[Termination "normal"]
[Board "38"]
[WhiteElo "824"]
[BlackElo "1032"]
[PlyCount "93"]
[WhiteFideId "12955361"]
[BlackFideId "12929395"]
[EventCountry "GER"]
[EventRounds "11"]
[EventType "swiss"]
[EventDate "2009.05.30"]

1. e4 e5 2. Nf3 Nc6 3. d4 exd4 4. Nxd4 Nf6 5. Nc3 Bc5 6. Be3 d6 7. Nxc6 bxc6 8.
Bxc5 O-O 9. Be3 Be6 10. Be2 Rb8 11. b3 Qe7 12. Bxa7 Rb7 13. Be3 d5 14. e5 Ne4
15. Nxe4 dxe4 16. Bg4 Qb4+ 17. Bd2 Qd4 18. Bxe6 fxe6 19. Bf4 Qxd1+ 20. Rxd1
Rxf4 21. Rd4 Rb8 22. Ke2 Rbf8 23. Rf1 Kf7 24. Ke3 Kg6 25. Rxe4 Rxe4+ 26. Kxe4
h5 27. h4 c5 28. c3 Ra8 29. Ra1 Kf7 30. b4 cxb4 31. cxb4 Rb8 32. a3 Ke7 33. Kd4
Kd7 34. Kc5 c6 35. a4 Kc7 36. b5 Rb6 37. Rd1 g6 38. Rd6 Rb8 39. Rxc6+ Kd7 40.
a5 Rc8 41. Rxc8 Kxc8 42. b6 Kb7 43. Kb5 Kb8 44. a6 Kc8 45. b7+ Kb8 46. Kb6 g5
47. a7# 1-0

[Event "DEM U10/U10w 2009"]
[Site "Willingen GER"]
[Date "2009.06.02"]
[Round "5"]
[White "Lohmüller, Gedeon"]
[Black "Rost, Henning"]
[Result "0-1"]
[Termination "normal"]
[Board "39"]
[WhiteElo "1015"]
[BlackElo "880"]
[PlyCount "72"]
[EventCountry "GER"]
[EventRounds "11"]
[EventType "swiss"]
[EventDate "2009.05.30"]

1. e4 d5 2. exd5 Qxd5 3. Nc3 Qa5 4. d4 c6 5. Bd2 Qc7 6. Nf3 Nf6 7. Bc4 Bf5 8.
O-O e6 9. a3 Bd6 10. h3 O-O 11. Re1 h6 12. b4 Nbd7 13. Qc1 Rfe8 14. Qb2 Bf4 15.
Rad1 Bxd2 16. Rxd2 e5 17. Qb3 Be6 18. Bxe6 Rxe6 19. Qc4 Rae8 20. d5 Nb6 21. Nb5
Qb8 22. Qc5 cxd5 23. Qc3 Ne4 24. Rxe4 dxe4 25. Qc7 exf3 26. gxf3 a6 27. Qxb8
Rxb8 28. Nc3 Nc4 29. Re2 Nxa3 30. Kg2 Rc8 31. Ne4 Nxc2 32. Kg3 Nd4 33. Rd2 f5
34. Nc5 Rg6+ 35. Kh2 Nxf3+ 36. Kh1 Rg1# 0-1

[Event "DEM U10/U10w 2009"]
[Site "Willingen GER"]
[Date "2009.06.02"]
[Round "5"]
[White "Rogozenco, Teodora Nana"]
[Black "Schmitt, Marco"]
[Result "1-0"]
[Termination "normal"]
[Board "40"]
[WhiteElo "798"]
[BlackElo "993"]
[PlyCount "105"]
[WhiteFideId "12938084"]
[EventCountry "GER"]
[EventRounds "11"]
[EventType "swiss"]
[EventDate "2009.05.30"]

1. d4 d5 2. c4 Nf6 3. cxd5 Nxd5 4. e4 Nf6 5. Nc3 e6 6. a3 Nc6 7. Nf3 Be7 8. Bf4
O-O 9. Bc4 Na5 10. Be2 Bd6 11. e5 Bxe5 12. dxe5 Qxd1+ 13. Rxd1 Nd7 14. O-O Nc5
15. b4 Ncb3 16. Rb1 b6 17. bxa5 Nxa5 18. Ne4 Bb7 19. Ng3 Bd5 20. Rfc1 Ba2 21.
Rb2 Bd5 22. Rxc7 Rac8 23. Rbc2 Rxc7 24. Rxc7 a6 25. Bxa6 Rb8 26. Be2 h6 27. h4
b5 28. Bd2 Nb3 29. Bb4 Na1 30. Rc5 Ba8 31. Rxb5 Rxb5 32. Bxb5 Nc2 33. Kf1 Bb7
34. Ke2 Nxb4 35. axb4 f6 36. exf6 gxf6 37. Kd3 f5 38. Bc4 Kf7 39. Nxf5 Kf6 40.
Ng3 e5 41. b5 Bxf3 42. gxf3 Kg6 43. b6 Kf6 44. b7 Ke7 45. b8=Q Kf6 46. Qb6+ Ke7
47. Qe6+ Kd8 48. Qf7 h5 49. Bb5 e4+ 50. Kd4 Kc8 51. Kc5 Kb8 52. Kb6 Kc8 53.
Qc7# 1-0

[Event "DEM U10/U10w 2009"]
[Site "Willingen GER"]
[Date "2009.06.02"]
[Round "5"]
[White "Michalowski, Sophia"]
[Black "Puls, Olivia"]
[Result "0-1"]
[Termination "normal"]
[Board "41"]
[WhiteElo "951"]
[BlackElo "822"]
[PlyCount "110"]
[WhiteFideId "12902454"]
[EventCountry "GER"]
[EventRounds "11"]
[EventType "swiss"]
[EventDate "2009.05.30"]

1. d4 d5 2. c4 e6 3. Nc3 Nf6 4. Bg5 Be7 5. e3 Nbd7 6. Nf3 b6 7. Bd3 O-O 8. Bc2
Bb7 9. Qd3 c5 10. Bxf6 Nxf6 11. Ng5 g6 12. e4 Ba6 13. e5 Bxc4 14. Qh3 Nh5 15.
b3 Bb5 16. Nxb5 Bxg5 17. O-O Nf4 18. Qf3 c4 19. Nc3 b5 20. Nxb5 cxb3 21. axb3
a6 22. Nc3 Qc7 23. Qg3 Qxc3 24. Qxc3 Ne2+ 25. Kh1 Nxc3 26. Rfe1 Rfc8 27. g3 Ne4
28. Bxe4 dxe4 29. Rxe4 Bd2 30. Rd1 Rc2 31. Re2 Rb2 32. Rexd2 Rxb3 33. d5 exd5
34. Rxd5 a5 35. Ra1 a4 36. Rd2 Rb5 37. Re2 Rba5 38. f4 Kf8 39. g4 a3 40. f5 Ke7
41. Rd2 Rb5 42. f6+ Ke6 43. Rda2 Rb3 44. Re1 Rb2 45. Rxb2 axb2 46. Rb1 Ra1 47.
Rxa1 bxa1=Q+ 48. Kg2 Qxe5 49. Kh3 Kxf6 50. Kg2 Kg5 51. Kh3 Qe3+ 52. Kg2 Kxg4
53. Kh1 Qe2 54. Kg1 Kf3 55. Kh1 Qf1# 0-1

[Event "DEM U10/U10w 2009"]
[Site "Willingen GER"]
[Date "2009.06.02"]
[Round "5"]
[White "Döpper, Anna Berenice"]
[Black "Riewe, Jana"]
[Result "1-0"]
[Termination "normal"]
[Board "42"]
[WhiteElo "919"]
[BlackElo "779"]
[PlyCount "117"]
[WhiteFideId "1271853"]
[EventCountry "GER"]
[EventRounds "11"]
[EventType "swiss"]
[EventDate "2009.05.30"]

1. e4 e5 2. d4 Nc6 3. Nf3 Nf6 4. d5 Nb4 5. Nc3 Bc5 6. a3 Na6 7. Nxe5 d6 8. Nd3
O-O 9. Be2 Re8 10. Bf3 Bd7 11. O-O Bd4 12. Re1 Be5 13. Nxe5 dxe5 14. Bg5 Nc5
15. b4 Na6 16. h3 Qc8 17. Bxf6 gxf6 18. Qd2 Kh8 19. Qh6 Rg8 20. Qxf6+ Rg7 21.
Ne2 Bxh3 22. Ng3 Bd7 23. Nh5 Qg8 24. Nxg7 Qxg7 25. Qxg7+ Kxg7 26. Rad1 Kh8 27.
Bh5 f6 28. Re3 Rf8 29. Rg3 Bb5 30. Rh3 b6 31. Kh2 c5 32. dxc6 Bxc6 33. f3 Nc7
34. Kg3 Ne6 35. c3 Nf4 36. Rh4 Ne2+ 37. Kf2 Nxc3 38. Rdh1 Be8 39. Bxe8 Rxe8 40.
Rxh7+ Kg8 41. Rh8+ Kf7 42. R1h7+ Kg6 43. Rxe8 Kxh7 44. Ra8 Nb5 45. a4 Nc7 46.
Rxa7 Kg6 47. Rxc7 Kg5 48. a5 bxa5 49. bxa5 f5 50. Ke3 f4+ 51. Kf2 Kf6 52. a6
Ke6 53. a7 Kd6 54. Rc1 Ke7 55. a8=Q Kf6 56. Rc6+ Kg5 57. Qg8+ Kh5 58. Rc7 Kh6
59. Rh7# 1-0

[Event "DEM U10/U10w 2009"]
[Site "Willingen GER"]
[Date "2009.06.02"]
[Round "5"]
[White "Sadewasser, Lucie"]
[Black "Dopmann, Sina"]
[Result "1-0"]
[Termination "normal"]
[Board "43"]
[WhiteElo "989"]
[BlackElo "1035"]
[PlyCount "89"]
[WhiteFideId "12905445"]
[EventCountry "GER"]
[EventRounds "11"]
[EventType "swiss"]
[EventDate "2009.05.30"]

1. e4 e5 2. Nf3 d6 3. Nc3 Be7 4. d3 Nf6 5. Be2 O-O 6. Bg5 Nbd7 7. Qd2 c6 8. Qe3
Qc7 9. Nh4 Nb6 10. Qg3 Rd8 11. Bh6 g6 12. Nf5 Bxf5 13. exf5 Kh8 14. fxg6 fxg6
15. Bg5 Rg8 16. Qh4 Raf8 17. Ne4 Qd8 18. c4 d5 19. Nc5 Bxc5 20. O-O dxc4 21.
Rad1 cxd3 22. Rxd3 Qe7 23. Rf3 Nbd7 24. Rd1 Bd6 25. Rfd3 Kg7 26. Rxd6 Kh8 27.
Rxd7 Qe8 28. Bxf6+ Rg7 29. Bxg7+ Kg8 30. Bc4+ Rf7 31. Bxf7+ Qxf7 32. Rxf7 Kxf7
33. Rd7+ Ke6 34. Qxh7 Kxd7 35. Bxe5+ Ke6 36. Bc3 Kf5 37. g4+ Kxg4 38. Qxg6+ Kf4
39. h4 c5 40. h5 Kf3 41. h6 Ke2 42. h7 c4 43. h8=Q b5 44. Qd4 a5 45. Qge4# 1-0

[Event "DEM U10/U10w 2009"]
[Site "Willingen GER"]
[Date "2009.06.02"]
[Round "5"]
[White "Müller, Sophie"]
[Black "Lederer, Leia"]
[Result "0-1"]
[Termination "normal"]
[Board "45"]
[WhiteElo "842"]
[BlackElo "944"]
[PlyCount "26"]
[WhiteFideId "12926698"]
[BlackFideId "12926353"]
[EventCountry "GER"]
[EventRounds "11"]
[EventType "swiss"]
[EventDate "2009.05.30"]

1. e4 e5 2. Nf3 Nc6 3. Bc4 Bc5 4. Nc3 Nf6 5. b3 d6 6. Bb2 O-O 7. O-O Bg4 8. Nd5
Nxd5 9. Bxd5 Nd4 10. c3 Nxf3+ 11. gxf3 Bh3 12. Re1 Qg5+ 13. Kh1 Qg2# 0-1

[Event "DEM U10/U10w 2009"]
[Site "Willingen GER"]
[Date "2009.06.02"]
[Round "5"]
[White "Gheng, Christian"]
[Black "Bauer, Björn-Benny"]
[Result "0-1"]
[Termination "normal"]
[Board "46"]
[WhiteElo "1386"]
[BlackElo "1603"]
[PlyCount "40"]
[WhiteFideId "24660345"]
[BlackFideId "24698741"]
[EventCountry "GER"]
[EventRounds "11"]
[EventType "swiss"]
[EventDate "2009.05.30"]

1. e4 c5 2. Nf3 Nc6 3. d4 cxd4 4. Nxd4 Nf6 5. Nc3 e5 6. Ndb5 d6 7. Nd5 Nxd5 8.
exd5 Nb8 9. Qf3 Be7 10. Qc3 Na6 11. Qg3 O-O 12. Bh6 Bf6 13. Bd3 Nb4 14. Bd2
Nxd3+ 15. Qxd3 e4 16. Qa3 Be5 17. Bb4 Qg5 18. O-O Bg4 19. h3 Bf3 20. g4 Qf4 0-1

[Event "DEM U10/U10w 2009"]
[Site "Willingen GER"]
[Date "2009.06.03"]
[Round "6"]
[White "Bauer, Björn-Benny"]
[Black "Lagunow, Raphael"]
[Result "0-1"]
[Termination "normal"]
[Board "1"]
[WhiteElo "1603"]
[BlackElo "1491"]
[PlyCount "62"]
[WhiteFideId "24698741"]
[BlackFideId "24652644"]
[EventCountry "GER"]
[EventRounds "11"]
[EventType "swiss"]
[EventDate "2009.05.30"]

1. d4 d5 2. c4 e6 3. Nc3 Nf6 4. Nf3 Be7 5. Bf4 O-O 6. c5 c6 7. e3 b6 8. b4 a5
9. Na4 Nbd7 10. Ne5 Nxe5 11. Bxe5 Nd7 12. Qg4 Nxe5 13. dxe5 b5 14. Nb6 Ra7 15.
Bd3 axb4 16. Rc1 Rxa2 17. O-O Qc7 18. f4 f6 19. Nxc8 Qxc8 20. exf6 Bxf6 21. Rf3
e5 22. Bf5 Qc7 23. Rh3 g6 24. Be6+ Kh8 25. Rf1 exf4 26. Rxf4 Ra1+ 27. Kf2 Qg7
28. Bd7 b3 29. Qe6 b2 30. Rhf3 b1=Q 31. Kg3 Be5 0-1

[Event "DEM U10/U10w 2009"]
[Site "Willingen GER"]
[Date "2009.06.03"]
[Round "6"]
[White "Ovsepyan, Arshak"]
[Black "Sawlin, Leonid"]
[Result "0-1"]
[Termination "normal"]
[Board "2"]
[WhiteElo "1863"]
[BlackElo "1853"]
[PlyCount "136"]
[WhiteFideId "24690236"]
[BlackFideId "4689542"]
[EventCountry "GER"]
[EventRounds "11"]
[EventType "swiss"]
[EventDate "2009.05.30"]

1. e4 e6 2. d4 d5 3. e5 c5 4. c3 Nc6 5. Nf3 Bd7 6. Be2 f6 7. Bf4 Qb6 8. Qb3
Qxb3 9. axb3 cxd4 10. cxd4 g5 11. Be3 g4 12. Nfd2 fxe5 13. dxe5 Nxe5 14. Rxa7
Rxa7 15. Bxa7 Bg7 16. Bd4 Nd3+ 17. Bxd3 Bxd4 18. Nc3 Ne7 19. O-O O-O 20. g3 e5
21. Kg2 Bc6 22. Kg1 e4 23. Be2 e3 24. Bb5 Bxc3 25. Bxc6 Bxd2 26. Bb5 exf2+ 27.
Kg2 Nf5 28. Rxf2 Be1 29. Re2 Nd4 30. Rxe1 Nxb5 31. Re5 Rd8 32. Rg5+ Kh8 33.
Rxg4 d4 34. Kf2 d3 35. Ke1 Nd4 36. Kd1 Nxb3 37. Rb4 Nc5 38. Rb5 Ne4 39. Rxb7
Nf2+ 40. Kd2 Re8 41. Rd7 Re2+ 42. Kc1 Rc2+ 43. Kb1 Rd2 44. b4 Ne4 45. Rc7 Rxh2
46. b5 d2 47. Kc2 Rh1 48. Rd7 Rc1+ 49. Kb2 d1=Q 50. Rxd1 Rxd1 51. b6 Rd6 52. b7
Rb6+ 53. Kc2 Rxb7 54. Kd3 Nf6 55. Kd4 Rb3 56. g4 Nxg4 57. Ke4 Kg7 58. Kf4 Nf6
59. Ke5 Rf3 60. Ke6 Rf4 61. Ke5 Rf3 62. Kd4 h5 63. Ke5 h4 64. Kd4 h3 65. Ke5 h2
66. Kd4 h1=Q 67. Kc4 Qc1+ 68. Kd4 Qc3# 0-1

[Event "DEM U10/U10w 2009"]
[Site "Willingen GER"]
[Date "2009.06.03"]
[Round "6"]
[White "Scholz, Robert"]
[Black "Mehsin, Yazan"]
[Result "1-0"]
[Termination "normal"]
[Board "3"]
[WhiteElo "1497"]
[BlackElo "1180"]
[PlyCount "95"]
[WhiteFideId "1270301"]
[EventCountry "GER"]
[EventRounds "11"]
[EventType "swiss"]
[EventDate "2009.05.30"]

1. e4 e5 2. Nf3 Nf6 3. d4 exd4 4. e5 Ng4 5. h3 Nh6 6. Qxd4 Nf5 7. Qe4 Ne7 8.
Bc4 Ng6 9. Ng5 Bb4+ 10. c3 O-O 11. cxb4 d5 12. Bxd5 Bf5 13. Qxf5 Qxd5 14. O-O
Nc6 15. Qe4 Qd7 16. Bf4 Rfe8 17. Nf3 f6 18. Qc4+ Re6 19. exf6 Nxf4 20. Qxf4
Rxf6 21. Qc4+ Kh8 22. Nbd2 Rg6 23. Kh2 Qd6+ 24. Kh1 Nxb4 25. Ne4 Qe7 26. Ng3
Nc6 27. Rfe1 Qf6 28. Qc3 Qd8 29. Rad1 Qg8 30. a3 Qf7 31. Ne5 Nxe5 32. Qxe5 h6
33. Qf5 Rf6 34. Qd3 Rxf2 35. Rf1 Rxf1+ 36. Rxf1 Qe8 37. Qe4 Qb5 38. Qe2 Qg5 39.
Kh2 a5 40. Qc2 c5 41. Rf5 Qe7 42. Qxc5 Qd8 43. Rd5 Qf6 44. Qd4 Qf8 45. Rd7 b5
46. Nh5 Rd8 47. Rxd8 Qxd8 48. Qxg7# 1-0